U.S. State Governments - Statistics

General Stats
  • This quiz has been taken 7 times
  • The average score is 83 of 192
Answer Stats
State ANSWER Office Party % Correct
California Gavin Newsom Governor D
83%
Texas Greg Abbott Governor R
67%
South Dakota Monae Johnson Secretary of State R
67%
West Virginia Randy Smith Lieutenant Governor R
67%
Florida Ron DeSantis Governor R
67%
Arkansas Sarah Huckabee Sanders Governor R
67%
Wisconsin Tony Evers Governor D
67%
Nevada Aaron Ford Attorney General D
50%
Arizona Adrian Fontes Secretary of State D
50%
South Carolina Alan Wilson Attorney General R
50%
Illinois Alexi Giannoulias Secretary of State D
50%
Pennsylvania Al Schmidt Secretary of State R
50%
Kentucky Andy Beshear Governor D
50%
Maryland Anthony Brown Attorney General D
50%
New York Antonio Delgado Lieutenant Governor D
50%
Maryland Aruna Miller Lieutenant Governor D
50%
Pennsylvania Austin Davis Lieutenant Governor D
50%
Tennessee Bill Lee Governor R
50%
Louisiana Billy Nungesser Lieutenant Governor R
50%
Washington Bob Ferguson Governor D
50%
Idaho Brad Little Governor R
50%
Georgia Brad Raffensperger Secretary of State R
50%
Iowa Brenna Bird Attorney General R
50%
Georgia Brian Kemp Governor R
50%
Georgia Burt Jones Lieutenant Governor R
50%
Vermont Charity Clark Attorney General D
50%
Georgia Chris Carr Attorney General R
50%
Iowa Chris Cournoyer Lieutenant Governor R
50%
Michigan Dana Nessel Attorney General D
50%
Rhode Island Dan McKee Governor D
50%
Texas Dan Patrick Lieutenant Governor R
50%
Pennsylvania Dave Sunday Attorney General R
50%
Ohio Dave Yost Attorney General R
50%
Kansas David Toland Lieutenant Governor D
50%
Utah Deidre Henderson Lieutenant Governor R
50%
Washington Denny Heck Lieutenant Governor D
50%
Utah Derek Brown Attorney General R
50%
Indiana Diego Morales Secretary of State R
50%
North Carolina Elaine Marshall Secretary of State D
50%
California Eleni Kounalakis Lieutenant Governor D
50%
Michigan Garlin Gilchrist Lieutenant Governor D
50%
Virginia Glenn Youngkin Governor R
50%
Montana Greg Gianforte Governor R
50%
Michigan Gretchen Whitmer Governor D
50%
South Carolina Henry McMaster Governor R
50%
New Mexico Howie Morales Lieutenant Governor D
50%
Kentucky Jacqueline Coleman Lieutenant Governor D
50%
Florida James Uthmeier Attorney General R
50%
Maine Janet Mills Governor D
50%
Colorado Jared Polis Governor D
50%
Virginia Jason Miyares Attorney General R
50%
Illinois JB Pritzker Governor D
50%
North Carolina Jeff Jackson Attorney General D
50%
Louisiana Jeff Landry Governor R
50%
Nebraska Jim Pillen Governor R
50%
Michigan Jocelyn Benson Secretary of State D
50%
Nebraska Joe Kelly Lieutenant Governor R
50%
Nevada Joe Lombardo Governor R
50%
Vermont John S. Rodgers Lieutenant Governor R
50%
Hawaii Josh Green Governor D
50%
Wisconsin Josh Kaul Attorney General D
50%
Pennsylvania Josh Shapiro Governor D
50%
North Carolina Josh Stein Governor D
50%
Illinois Juliana Stratton Lieutenant Governor D
50%
New York Kathy Hochul Governor D
50%
Delaware Kathy Jennings Attorney General D
50%
Arizona Katie Hobbs Governor D
50%
Alabama Kay Ivey Governor R
50%
Minnesota Keith Ellison Attorney General D
50%
North Dakota Kelly Armstrong Governor R
50%
New Hampshire Kelly Ayotte Governor R
50%
Texas Ken Paxton Attorney General R
50%
Oklahoma Kevin Stitt Governor R
50%
Iowa Kim Reynolds Governor R
50%
Kansas Kris Kobach Attorney General R
50%
Arizona Kris Mayes Attorney General D
50%
Delaware Kyle Evans Gay Lieutenant Governor D
50%
South Dakota Larry Rhoden Governor R
50%
Kansas Laura Kelly Governor D
50%
Arkansas Leslie Rutledge Lieutenant Governor R
50%
New York Letitia James Attorney General D
50%
New Mexico Maggie Toulouse Oliver Secretary of State D
50%
Wyoming Mark Gordon Governor R
50%
Delaware Matt Meyer Governor D
50%
Oklahoma Matt Pinnell Lieutenant Governor R
50%
Massachusetts Maura Healey Governor D
50%
New Mexico Michelle Lujan Grisham Governor D
50%
Indiana Mike Braun Governor R
50%
Ohio Mike DeWine Governor R
50%
Alaska Mike Dunleavy Governor R
50%
Missouri Mike Kehoe Governor R
50%
Alaska Nancy Dahlstrom Lieutenant Governor R
50%
Louisiana Nancy Landry Secretary of State R
50%
Connecticut Ned Lamont Governor D
50%
Washington Nick Brown Attorney General D
50%
South Carolina Pamela Evette Lieutenant Governor R
50%
West Virginia Patrick Morrisey Governor R
50%
Minnesota Peggy Flanagan Lieutenant Governor D
50%
New Jersey Phil Murphy Governor D
50%
Vermont Phil Scott Governor R
50%
Colorado Phil Weiser Attorney General D
50%
North Carolina Rachel Hunt Lieutenant Governor D
50%
Tennessee Randy McNally Lieutenant Governor R
50%
California Rob Bonta Attorney General D
50%
Kentucky Russell Coleman Attorney General R
50%
Rhode Island Sabina Matos Lieutenant Governor D
50%
Wisconsin Sarah Godlewski Secretary of State D
50%
Wisconsin Sara Rodriguez Lieutenant Governor D
50%
Idaho Scott Bedke Lieutenant Governor R
50%
Maine Shenna Bellows Secretary of State D
50%
California Shirley Weber Secretary of State D
50%
Utah Spencer Cox Governor R
50%
Nevada Stavros Anthony Lieutenant Governor R
50%
Washington Steve Hobbs Secretary of State D
50%
Alabama Steve Marshall Attorney General R
50%
Minnesota Steve Simon Secretary of State D
50%
Connecticut Susan Bysiewicz Lieutenant Governor D
50%
Maryland Susan C. Lee Secretary of State D
50%
Hawaii Sylvia Luke Lieutenant Governor D
50%
Mississippi Tate Reeves Governor R
50%
Minnesota Tim Walz Governor D
50%
Oregon Tina Kotek Governor D
50%
Maryland Wes Moore Governor D
50%
Connecticut William Tong Attorney General D
50%
Virginia Winsome Earle-Sears Lieutenant Governor R
50%
Massachusetts Andrea Campbell Attorney General D
33%
Missouri Andrew Bailey Attorney General R
33%
Montana Austin Knudsen Attorney General R
33%
Massachusetts Bill Galvin Secretary of State D
33%
Nebraska Bob Evnen Secretary of State R
33%
Wyoming Bridget Hill Attorney General R
33%
Montana Christi Jacobsen Secretary of State R
33%
Wyoming Chuck Gray Secretary of State R
33%
Nevada Cisco Aguilar Secretary of State D
33%
Arkansas Cole Jester Secretary of State R
33%
Florida Cord Byrd Secretary of State R
33%
Oregon Dan Rayfield Attorney General D
33%
Mississippi Delbert Hosemann Lieutenant Governor R
33%
Colorado Dianne Primavera Lieutenant Governor D
33%
North Dakota Drew Wrigley Attorney General R
33%
Ohio Frank LaRose Secretary of State R
33%
Oklahoma Gentner Drummond Attorney General R
33%
Rhode Island Gregg Amore Secretary of State D
33%
West Virginia JB McCuskey Attorney General R
33%
Colorado Jena Griswold Secretary of State D
33%
Ohio Jim Tressel Lieutenant Governor R
33%
New Hampshire John Formella Attorney General R
33%
Tennessee Jonathan Skrmetti Attorney General R
33%
Oklahoma Josh Cockroft Secretary of State R
33%
Virginia Kelly Gee Secretary of State R
33%
Montana Kristen Juras Lieutenant Governor R
33%
West Virginia Kris Warner Secretary of State R
33%
Illinois Kwame Raoul Attorney General D
33%
Mississippi Lynn Fitch Attorney General R
33%
South Dakota Marty Jackley Attorney General R
33%
New Jersey Matthew Platkin Attorney General D
33%
Indiana Micah Beckwith Lieutenant Governor R
33%
Kentucky Michael Adams Secretary of State R
33%
Nebraska Mike Hilgers Attorney General R
33%
Iowa Paul Pate Secretary of State R
33%
Rhode Island Peter Neronha Attorney General D
33%
Idaho Raúl Labrador Attorney General R
33%
New Mexico Raúl Torrez Attorney General D
33%
Vermont Sarah Copeland-Hanzas Secretary of State D
33%
New Jersey Tahesha Way Lieutenant Governor | Secretary of State D
33%
Arkansas Tim Griffin Attorney General R
33%
Oregon Tobias Read Secretary of State D
33%
Indiana Todd Rokita Attorney General R
33%
South Dakota Tony Venhuizen Lieutenant Governor R
33%
Alaska Treg Taylor Attorney General R
33%
Tennessee Tre Hargett Secretary of State R
33%
Florida Vacant Lieutenant Governor
33%
Alabama Wes Allen Secretary of State R
33%
Alabama Will Ainsworth Lieutenant Governor R
33%
Maine Aaron Frey Attorney General D
17%
Hawaii Anne Lopez Attorney General D
17%
Delaware Charuni Patibanda-Sanchez Secretary of State D
17%
New Hampshire David Scanlan Secretary of State R
17%
Missouri David Wasinger Lieutenant Governor R
17%
Missouri Denny Hoskins Secretary of State R
17%
Texas Jane Nelson Secretary of State R
17%
Massachusetts Kim Driscoll Lieutenant Governor D
17%
Louisiana Liz Murrill Attorney General R
17%
South Carolina Mark Hammond Secretary of State R
17%
North Dakota Michael Howe Secretary of State R
17%
Mississippi Michael Watson Secretary of State R
17%
North Dakota Michelle Strinden Lieutenant Governor R
17%
Idaho Phil McGrane Secretary of State R
17%
Kansas Scott Schwab Secretary of State R
17%
Connecticut Stephanie Thomas Secretary of State D
17%
New York Walter Mosley Secretary of State D
17%
No matching quizzes found
Score Distribution
Percent of People with Each Score
Percentile by Number Answered
Your Score History
You have not taken this quiz